[Event "11th EUR-ch"]
[Site "Rijeka CRO"]
[Date "2010.03.06"]
[Round "1"]
[White "Schweitzer, Werner"]
[Black "Gdanski, Jacek"]
[Result "0-1"]
[WhiteElo "2069"]
[BlackElo "2527"]
[EventDate "2010.03.06"]
[PlyCount "50"]

1.e4 e6 2.d4 d5 3.Nd2 Nf6 4.e5 Nfd7 5.Bd3 c5 6.c3 b6 7.a4 Ba6 8.Bb5 Qc8 9.
Qe2 Qb7 10.Ngf3 Bxb5 11.axb5 a6 12.O-O axb5 13.Rxa8 Qxa8 14.Qxb5 Be7 15.c4
Qc6 16.Re1 Qxb5 17.cxb5 O-O 18.b3 cxd4 19.Bb2 d3 20.Rc1 Bb4 21.Bc3 Rc8 22.
Bb2 Rxc1+ 23.Bxc1 Nc5 24.Nd4 Nbd7 25.f3 Bc3 0-1

[Event "11th EUR-ch"]
[Site "Rijeka CRO"]
[Date "2010.03.06"]
[Round "1"]
[White "Holzke, Frank"]
[Black "Piro, Valerio"]
[Result "1-0"]
[WhiteElo "2526"]
[BlackElo "2067"]
[EventDate "2010.03.06"]
[PlyCount "53"]

1.d4 d5 2.c4 c6 3.Nf3 Nf6 4.Nc3 a6 5.Ne5 Nbd7 6.Bf4 e6 7.e3 Nxe5 8.Bxe5 
Nd7 9.Bg3 Be7 10.a3 O-O 11.Rc1 dxc4 12.Bxc4 b5 13.Ba2 c5 14.d5 c4 15.dxe6 
fxe6 16.O-O Nc5 17.Qg4 e5 18.Qe2 e4 19.Rcd1 Qb6 20.Nd5 Qa7 21.Nxe7+ Qxe7 
22.Bd6 Qg5 23.Bxf8 Bg4 24.Be7 Qg6 25.f3 exf3 26.Rxf3 Nd3 27.Qxd3 1-0

[Event "11th EUR-ch"]
[Site "Rijeka CRO"]
[Date "2010.03.06"]
[Round "1"]
[White "Guidi, Maurizio"]
[Black "Jovanovic, Zoran"]
[Result "0-1"]
[WhiteElo "2050"]
[BlackElo "2526"]
[EventDate "2010.03.06"]
[PlyCount "76"]

1.b3 d6 2.Bb2 e5 3.d3 c5 4.g3 Nc6 5.Bg2 g6 6.Nd2 Bg7 7.e3 Nge7 8.Ne2 O-O 
9.O-O Be6 10.h3 Qd7 11.Kh2 f5 12.Rb1 Rae8 13.a3 d5 14.Nf3 h6 15.d4 cxd4 
16.exd4 e4 17.Nd2 g5 18.f4 Ng6 19.Qe1 Bf6 20.Qf2 Qg7 21.Rbd1 Kh8 22.Rg1 
Rg8 23.c4 Nce7 24.c5 Bd7 25.a4 h5 26.Qe3 Qh6 27.Rdf1 h4 28.gxh4 gxf4 29.
Nxf4 Nxf4 30.Qxf4 Qxf4+ 31.Rxf4 Ng6 32.Rff1 Bxh4 33.Bh1 f4 34.Ra1 Ref8 35.
Nf1 Ne7 36.b4 Rxg1 37.Kxg1 Rg8+ 38.Kh2 Bf2 0-1

[Event "11th EUR-ch"]
[Site "Rijeka CRO"]
[Date "2010.03.06"]
[Round "1"]
[White "Oleksienko, Mykhailo"]
[Black "Lazic, Dusko"]
[Result "1-0"]
[WhiteElo "2525"]
[BlackElo "2046"]
[EventDate "2010.03.06"]
[PlyCount "86"]

1.e4 c5 2.Nf3 d6 3.d4 cxd4 4.Nxd4 Nf6 5.Nc3 g6 6.Be3 Bg7 7.Be2 Nc6 8.Nb3 
Bd7 9.f4 O-O 10.g4 Qc8 11.g5 Nxe4 12.Nxe4 Bxb2 13.Rb1 Bg7 14.Kf2 Nb4 15.c3
Nxa2 16.Bd4 Bf5 17.Bxg7 Kxg7 18.Qd4+ Kg8 19.Nbd2 d5 20.Rb2 Bxe4 21.Nxe4 
dxe4 22.Rxa2 Qf5 23.Kg3 Qe6 24.Rxa7 Rxa7 25.Qxa7 Qb3 26.Qc5 Ra8 27.Rd1 Qc2
28.Kf2 Re8 29.Qc7 e3+ 30.Kf3 e5 31.Rd8 e4+ 32.Kxe3 Qc1+ 33.Kf2 e3+ 34.Kg2 
Rxd8 35.Qxd8+ Kg7 36.Qd4+ Kg8 37.Bc4 Qb2+ 38.Kh3 Qd2 39.Qxd2 exd2 40.Bb3 
Kg7 41.Kg3 f6 42.Kf3 fxg5 43.fxg5 h6 1-0

[Event "11th EUR-ch"]
[Site "Rijeka CRO"]
[Date "2010.03.06"]
[Round "1"]
[White "Hayes, Peter"]
[Black "Szabo, Gergely-Andras-Gyula"]
[Result "0-1"]
[WhiteElo "2046"]
[BlackElo "2525"]
[EventDate "2010.03.06"]
[PlyCount "78"]

1.d4 e6 2.c4 b6 3.Nf3 Bb7 4.a3 f5 5.Nc3 Nf6 6.g3 Ne4 7.Bd2 Be7 8.Bg2 Bf6 
9.O-O O-O 10.Qc2 Qc8 11.Bf4 g5 12.Be5 Be7 13.d5 d6 14.Bd4 g4 15.Nd2 c5 16.
Be3 Nxc3 17.Qxc3 e5 18.Bh6 Rf7 19.f3 gxf3 20.Qxf3 Bf8 21.Bg5 Qe8 22.Bh3 
Bc8 23.Qh5 Na6 24.Rf2 e4 25.e3 Bg7 26.Raf1 Bxb2 27.Qh4 Bc3 28.Nxe4 Qxe4 
29.Qxe4 fxe4 30.Bxc8 Rxf2 31.Be6+ Kh8 32.Rxf2 Nc7 33.Bf5 b5 34.cxb5 Nxb5 
35.a4 Nc7 36.Bxe4 Re8 37.Bg2 Kg7 38.Bf4 Be5 39.Re2 Na6 0-1

[Event "11th EUR-ch"]
[Site "Rijeka CRO"]
[Date "2010.03.06"]
[Round "1"]
[White "Anisimov, Pavel"]
[Black "Durandeau, Jean-Marie"]
[Result "1-0"]
[WhiteElo "2519"]
[BlackElo "2040"]
[EventDate "2010.03.06"]
[PlyCount "53"]

1.d4 Nf6 2.Bg5 Ne4 3.Bf4 e6 4.Nd2 Nxd2 5.Qxd2 d5 6.e3 b6 7.Bb5+ Bd7 8.Bd3 
c5 9.c3 Nc6 10.Nf3 Be7 11.O-O c4 12.Bc2 g5 13.Be5 f6 14.Bg3 f5 15.Ne5 O-O 
16.f3 Be8 17.Rae1 Nxe5 18.Bxe5 Bg6 19.e4 fxe4 20.fxe4 Rxf1+ 21.Kxf1 Qe8 
22.Kg1 Qb5 23.b3 Rf8 24.exd5 Bxc2 25.d6 Bd8 26.Qxc2 h5 27.Qe2 1-0

[Event "11th EUR-ch"]
[Site "Rijeka CRO"]
[Date "2010.03.06"]
[Round "1"]
[White "Porfireanu, Serban"]
[Black "Banusz, Tamas"]
[Result "0-1"]
[WhiteElo "2034"]
[BlackElo "2517"]
[EventDate "2010.03.06"]
[PlyCount "42"]

1.e4 e5 2.Nf3 Nc6 3.Bc4 Bc5 4.c3 Nf6 5.Qe2 O-O 6.O-O d6 7.b4 Bb6 8.a4 a6 
9.h3 Nh5 10.d4 exd4 11.Kh2 Nf6 12.Nxd4 Nxd4 13.cxd4 Bxd4 14.Ra3 Qe7 15.Re1
d5 16.exd5 Qd6+ 17.Rg3 Bf5 18.Bg5 Ne4 19.Qf3 Bxf2 20.Bf4 Bxg3+ 21.Bxg3 
Nxg3 0-1

[Event "11th EUR-ch"]
[Site "Rijeka CRO"]
[Date "2010.03.06"]
[Round "1"]
[White "Guliev, Namig"]
[Black "Valkovic, Kristian"]
[Result "1-0"]
[WhiteElo "2516"]
[BlackElo "2027"]
[EventDate "2010.03.06"]
[PlyCount "73"]

1.e4 e6 2.d4 d5 3.Nc3 h6 4.Nf3 Nf6 5.Bd3 Bb4 6.exd5 exd5 7.O-O O-O 8.Ne2 
Bg4 9.Ne5 Bxe2 10.Qxe2 Re8 11.Qf3 Nc6 12.Ng4 Nxg4 13.Qxg4 Qf6 14.c3 Bd6 
15.Bd2 Ne7 16.Rae1 Ng6 17.g3 Nf8 18.Re3 Rxe3 19.fxe3 Qg5 20.Qf3 f6 21.Kg2 
Ng6 22.Bxg6 Qxg6 23.Qxd5+ Kh7 24.Qxb7 Re8 25.Qf3 Rb8 26.b3 Qe8 27.e4 Qc6 
28.Rf2 Re8 29.Re2 a5 30.e5 Qxf3+ 31.Kxf3 fxe5 32.dxe5 Rxe5 33.Rxe5 Bxe5 
34.c4 a4 35.bxa4 Kg6 36.a5 c5 37.Bf4 1-0

[Event "11th EUR-ch"]
[Site "Rijeka CRO"]
[Date "2010.03.06"]
[Round "1"]
[White "Bar, Aviv"]
[Black "Janssen, Ruud"]
[Result "0-1"]
[WhiteElo "2022"]
[BlackElo "2516"]
[EventDate "2010.03.06"]
[PlyCount "70"]

1.c4 e5 2.Nc3 Nf6 3.Nf3 Nc6 4.g3 Bb4 5.Bg2 O-O 6.O-O Re8 7.Nd5 Bc5 8.d3 h6
9.Bd2 a5 10.a3 Nxd5 11.cxd5 Nd4 12.e3 Nxf3+ 13.Bxf3 d6 14.Qc2 Bd7 15.b4 
axb4 16.Bxb4 Ba4 17.Qc4 Bb6 18.Bd1 Qd7 19.Bxa4 Rxa4 20.Rac1 f5 21.Qh4 Rf8 
22.Rc4 Qf7 23.Rfc1 Qxd5 24.Bxd6 Rxc4 25.dxc4 Qd2 26.Bxf8 Qxc1+ 27.Kg2 Kxf8
28.Qd8+ Kf7 29.Qd7+ Kf6 30.g4 Qc2 31.g5+ Kg6 32.Qe8+ Kxg5 33.h4+ Kxh4 34.
Qe7+ g5 35.Qf6 h5 0-1

[Event "11th EUR-ch"]
[Site "Rijeka CRO"]
[Date "2010.03.06"]
[Round "1"]
[White "Gasanov, Eldar"]
[Black "Nastic, Milorad"]
[Result "1-0"]
[WhiteElo "2514"]
[BlackElo "2009"]
[EventDate "2010.03.06"]
[PlyCount "59"]

1.d4 Nf6 2.c4 e6 3.g3 d5 4.Bg2 c6 5.Nf3 Be7 6.O-O Nbd7 7.Qc2 b6 8.b3 Bb7 
9.Nc3 dxc4 10.bxc4 c5 11.d5 e5 12.Nh4 a6 13.d6 Bxg2 14.dxe7 Kxe7 15.Nf5+ 
Kf8 16.Kxg2 h5 17.Bg5 g6 18.Ne3 Qc7 19.Ned5 Qc6 20.Rad1 Kg7 21.Ne4 Nxe4 
22.Qxe4 Rac8 23.Nc3 Nf6 24.Bxf6+ Qxf6 25.Rd5 Rc6 26.Rd7 Re6 27.Nd5 Qg5 28.
h4 Qf5 29.Qxf5 gxf5 30.Ne7 1-0

[Event "11th EUR-ch"]
[Site "Rijeka CRO"]
[Date "2010.03.06"]
[Round "1"]
[White "Klasan, Elvis"]
[Black "Llaneza Vega, Marcos"]
[Result "0-1"]
[WhiteElo "1995"]
[BlackElo "2514"]
[EventDate "2010.03.06"]
[PlyCount "44"]

1.e4 c5 2.Nf3 e6 3.d4 cxd4 4.Nxd4 a6 5.Be3 Qc7 6.Be2 Nf6 7.Qd3 d5 8.exd5 
Nxd5 9.Bd2 Nd7 10.c3 Bd6 11.Nf5 Be5 12.Na3 O-O 13.Nc4 b5 14.Na3 Nc5 15.
Nh6+ gxh6 16.Qf3 Bg7 17.b4 Nd7 18.Rc1 Bb7 19.Qg4 N7f6 20.Qh4 Ne7 21.Bd3 
Qe5+ 22.Be3 Rfd8 0-1

[Event "11th EUR-ch"]
[Site "Rijeka CRO"]
[Date "2010.03.06"]
[Round "1"]
[White "Ter-Sahakian, Samvel"]
[Black "Lanzani, Giuliano"]
[Result "1-0"]
[WhiteElo "2513"]
[BlackElo "1992"]
[EventDate "2010.03.06"]
[PlyCount "53"]

1.e4 c5 2.Nf3 Nc6 3.d4 cxd4 4.Nxd4 Nf6 5.Nc3 d6 6.Bg5 e6 7.Qd2 Be7 8.O-O-O
Nxd4 9.Qxd4 O-O 10.f3 Qa5 11.h4 Rd8 12.Kb1 Bd7 13.Qd2 Qc7 14.g4 Bc6 15.Qh2
Rac8 16.Be3 Kf8 17.Bf4 Qa5 18.Bd2 Qc7 19.g5 Nd7 20.h5 Ne5 21.Be2 b5 22.f4 
Nc4 23.Bxc4 bxc4 24.h6 g6 25.f5 exf5 26.Qf2 d5 27.Qd4 1-0

[Event "11th EUR-ch"]
[Site "Rijeka CRO"]
[Date "2010.03.06"]
[Round "1"]
[White "Partys, Petr"]
[Black "Szabo, Krisztian"]
[Result "1-0"]
[WhiteElo "1977"]
[BlackElo "2513"]
[EventDate "2010.03.06"]
[PlyCount "95"]

1.Nf3 Nf6 2.c4 e6 3.d4 b6 4.a3 Ba6 5.Qa4 Bb7 6.Nc3 c5 7.dxc5 bxc5 8.Bg5 
Be7 9.e3 O-O 10.Be2 Qb6 11.O-O d6 12.Qc2 Nbd7 13.Rfd1 Rfd8 14.Rd2 Qc6 15.
Rad1 Ne5 16.Ne1 Qb6 17.h3 Rd7 18.Bf4 Ng6 19.Bg3 Rad8 20.Bf3 d5 21.cxd5 
exd5 22.Nd3 Ne4 23.Bxe4 dxe4 24.Ne5 Nxe5 25.Bxe5 Qc6 26.Rxd7 Rxd7 27.Rxd7 
Qxd7 28.Qb3 h6 29.Qc4 Bc6 30.Kh2 h5 31.b4 Qf5 32.Bb8 Qc8 33.Be5 Qf5 34.Bb8
Qc8 35.Be5 Bb7 36.b5 Qf5 37.Bb8 Qxf2 38.Nd5 Bxd5 39.Qxd5 Qxe3 40.Qa8 Kh7 
41.Qxa7 Qg5 42.Qb7 e3 43.Qf3 Bf6 44.Bf4 Be5 45.Qe4+ g6 46.Qxe5 Qd8 47.Qxe3
c4 48.b6 1-0

[Event "11th EUR-ch"]
[Site "Rijeka CRO"]
[Date "2010.03.06"]
[Round "1"]
[White "Mastrovasilis, Athanasios"]
[Black "Stefan, Mario"]
[Result "1-0"]
[WhiteElo "2511"]
[BlackElo "1968"]
[EventDate "2010.03.06"]
[PlyCount "59"]

1.d4 Nf6 2.Nf3 g6 3.Bg5 Bg7 4.Nbd2 d5 5.e3 O-O 6.Be2 Bf5 7.O-O h6 8.Bf4 g5
9.Bg3 Ne4 10.Nxe4 Bxe4 11.c4 c6 12.Qb3 b6 13.Nd2 Bg6 14.cxd5 cxd5 15.Rac1 
e6 16.Qa3 Bf6 17.Bd6 Re8 18.Rc7 e5 19.Bb5 Re6 20.dxe5 Bxe5 21.Bxe5 Rxe5 
22.Rfc1 Qf6 23.Nf3 Rf5 24.Rc8+ Kh7 25.Qf8 Qg7 26.Nd4 Rf6 27.Qe7 a6 28.Be2 
Nc6 29.R8xc6 Rxc6 30.Rxc6 1-0

[Event "11th EUR-ch"]
[Site "Rijeka CRO"]
[Date "2010.03.06"]
[Round "1"]
[White "Zrilic, Bozo"]
[Black "Berczes, David"]
[Result "0-1"]
[WhiteElo "1964"]
[BlackElo "2510"]
[EventDate "2010.03.06"]
[PlyCount "68"]

1.d4 Nf6 2.c4 e6 3.Nc3 Bb4 4.e3 c5 5.Ne2 b6 6.Qc2 Bb7 7.f3 Nc6 8.b3 O-O 9.
Bb2 d5 10.Kf2 cxd4 11.exd4 dxc4 12.Rd1 cxb3 13.Qxb3 Rc8 14.a3 Bd6 15.Nb5 
Bb8 16.h4 a6 17.Nbc3 Na5 18.Qa2 Nd5 19.Qb1 Nc4 20.Bc1 Nxc3 21.Nxc3 Nd6 22.
Qb2 Nf5 23.Ne2 b5 24.Rh3 e5 25.Bg5 Qb6 26.Qb1 Nxd4 27.Be3 Rfd8 28.h5 h6 
29.Rh4 Qf6 30.Rg4 Bxf3 31.Nxd4 Bxg4+ 32.Nf3 Rxd1 33.Qxd1 e4 34.Bd4 Qf4 0-1

[Event "11th EUR-ch"]
[Site "Rijeka CRO"]
[Date "2010.03.06"]
[Round "1"]
[White "Srdoc, Nenad"]
[Black "Makarov, Marat"]
[Result "0-1"]
[WhiteElo "1949"]
[BlackElo "2510"]
[EventDate "2010.03.06"]
[PlyCount "51"]

1.e4 c5 2.Nc3 Nc6 3.g3 g6 4.Bg2 Bg7 5.d3 d6 6.Be3 Rb8 7.Nge2 Nd4 8.O-O b5 
9.Qd2 b4 10.Nd1 e5 11.h3 Nxe2+ 12.Qxe2 Ne7 13.f4 exf4 14.gxf4 f5 15.e5 Bb7
16.Qf2 Bxg2 17.Kxg2 dxe5 18.fxe5 Bxe5 19.Bxc5 Qd5+ 20.Kg1 Nc6 21.Re1 Kf7 
22.c3 bxc3 23.Nxc3 Qxc5 24.Qxc5 Bd4+ 25.Qxd4 Nxd4 26.Re3 0-1

[Event "11th EUR-ch"]
[Site "Rijeka CRO"]
[Date "2010.03.06"]
[Round "1"]
[White "Jurcik, Marian"]
[Black "Jokic, Miljenko"]
[Result "1-0"]
[WhiteElo "2510"]
[BlackElo "1949"]
[EventDate "2010.03.06"]
[PlyCount "63"]

1.Nf3 d5 2.d4 Nf6 3.c4 Bf5 4.cxd5 Nxd5 5.Nbd2 Bg6 6.e4 Nb6 7.Bd3 e6 8.O-O 
Be7 9.Nb3 O-O 10.Ne5 N8d7 11.Nxg6 hxg6 12.Be3 f5 13.Na5 f4 14.Bc1 g5 15.
Qg4 e5 16.Nxb7 Qb8 17.Na5 exd4 18.Nc6 Qe8 19.Bc2 Bf6 20.Bb3+ Kh7 21.h4 g6 
22.hxg5 Bxg5 23.Qxg5 Qxe4 24.Qe7+ Qxe7 25.Nxe7 c5 26.Bc2 Ne5 27.Re1 Nbd7 
28.Nxg6 Nxg6 29.Re7+ Kh6 30.Rxd7 Ne5 31.Re7 Nc4 32.g3 1-0

[Event "11th EUR-ch"]
[Site "Rijeka CRO"]
[Date "2010.03.06"]
[Round "1"]
[White "Nakas, Spyridon"]
[Black "Djukic, Nikola"]
[Result "0-1"]
[WhiteElo "1934"]
[BlackElo "2509"]
[EventDate "2010.03.06"]
[PlyCount "88"]

1.e4 c5 2.Nf3 Nc6 3.Bb5 e6 4.O-O Nge7 5.Re1 Nd4 6.Nxd4 cxd4 7.c3 a6 8.Ba4 
Nc6 9.d3 Bc5 10.Qg4 O-O 11.e5 f6 12.Bxc6 dxc6 13.c4 b5 14.b3 bxc4 15.bxc4 
fxe5 16.Nd2 Bb4 17.Re2 Qf6 18.Ne4 Qf5 19.Qg3 Bd7 20.Bh6 Qg6 21.Qxg6 hxg6 
22.Bd2 Be7 23.Ree1 Rfb8 24.Rab1 c5 25.Ba5 Ba4 26.Rbc1 Rb2 27.f3 Ra7 28.Rb1
Rab7 29.Rxb2 Rxb2 30.Bc7 Bc2 31.Bxe5 Bxd3 32.Bd6 Bxd6 33.Nxd6 Be2 34.Ne4 
Rxa2 35.Nxc5 d3 36.Nxd3 Bxd3 37.Rxe6 Bxc4 38.Rxg6 a5 39.h4 a4 40.h5 Bf7 
41.Rg5 a3 42.h6 g6 43.Ra5 Ra1+ 44.Kh2 a2 0-1

[Event "11th EUR-ch"]
[Site "Rijeka CRO"]
[Date "2010.03.06"]
[Round "1"]
[White "Martinovic, Sasa"]
[Black "Antoniacci, Riccardo"]
[Result "1-0"]
[WhiteElo "2509"]
[BlackElo "1921"]
[EventDate "2010.03.06"]
[PlyCount "37"]

1.d4 Nf6 2.c4 Nc6 3.Nf3 e6 4.a3 d5 5.Nc3 a5 6.Bg5 Be7 7.e3 Bd7 8.Bxf6 Bxf6
9.cxd5 exd5 10.Nxd5 Bg4 11.Nc3 Qe7 12.Be2 Rd8 13.Qb3 Bc8 14.O-O g5 15.Nd5 
Qd6 16.Nxf6+ Qxf6 17.Qb5 g4 18.Ne5 Qg5 19.Nxc6 1-0

[Event "11th EUR-ch"]
[Site "Rijeka CRO"]
[Date "2010.03.06"]
[Round "1"]
[White "Camber, Ivan"]
[Black "Skoberne, Jure"]
[Result "0-1"]
[WhiteElo "1911"]
[BlackElo "2509"]
[EventDate "2010.03.06"]
[PlyCount "110"]

1.e4 d6 2.d4 Nf6 3.Nc3 g6 4.Nf3 Bg7 5.Bd3 O-O 6.O-O Bg4 7.h3 Bxf3 8.Qxf3 
Nc6 9.Be3 Nd7 10.Ne2 a6 11.c3 Nce5 12.dxe5 Nxe5 13.Qg3 Nxd3 14.Rab1 Ne5 
15.b3 Nc6 16.Rbd1 f5 17.exf5 Rxf5 18.Nd4 Bxd4 19.Bxd4 Nxd4 20.Rxd4 e5 21.
Rg4 Qf6 22.Rd1 Rf8 23.f3 Rf4 24.Rxf4 Qxf4 25.Qxf4 Rxf4 26.Kf2 Kf7 27.Ke3 
Ke6 28.g3 Rf8 29.f4 exf4+ 30.gxf4 Rf5 31.Re1 Kd7 32.Rd1 Rh5 33.Rh1 d5 34.
Kf3 c5 35.Kg4 Kc6 36.Re1 d4 37.c4 Kd7 38.b4 cxb4 39.Rd1 Kc6 40.Rxd4 Ra5 
41.Rd2 Ra3 42.Rb2 Kc5 43.Rc2 a5 44.h4 h5+ 45.Kg5 Rg3+ 46.Kf6 a4 47.f5 gxf5
48.Kxf5 b3 49.axb3 axb3 50.Re2 Kxc4 51.Re7 b5 52.Re4+ Kc3 53.Re5 b4 54.
Rc5+ Kd4 55.Rb5 Kc4 0-1

[Event "11th EUR-ch"]
[Site "Rijeka CRO"]
[Date "2010.03.06"]
[Round "1"]
[White "Nanu, Ciprian-Costica"]
[Black "Pejic, Igor"]
[Result "1-0"]
[WhiteElo "2505"]
[BlackElo "1900"]
[EventDate "2010.03.06"]
[PlyCount "55"]

1.d4 d5 2.c4 c6 3.Nc3 Nf6 4.Nf3 e6 5.Bg5 dxc4 6.a4 b5 7.axb5 cxb5 8.Nxb5 
Qb6 9.Nc3 Qxb2 10.Bd2 Nd5 11.Nxd5 exd5 12.Rb1 Qa3 13.e4 c3 14.Bc1 Qa2 15.
Bd3 Ba6 16.Bf4 Bxd3 17.Qxd3 c2 18.Rb7 Bb4+ 19.Rxb4 Qa1+ 20.Ke2 Qxh1 21.
Qxc2 O-O 22.Nh4 g5 23.Rb1 Qxb1 24.Qxb1 Nd7 25.Bxg5 f6 26.Bh6 Rfe8 27.Qb7 
Rxe4+ 28.Kf3 1-0

[Event "11th EUR-ch"]
[Site "Rijeka CRO"]
[Date "2010.03.06"]
[Round "1"]
[White "Di Lazzaro, Gabriele"]
[Black "Sebenik, Matej"]
[Result "0-1"]
[WhiteElo "1898"]
[BlackElo "2504"]
[EventDate "2010.03.06"]
[PlyCount "82"]

1.e4 e6 2.d4 d5 3.Nd2 Nf6 4.e5 Nfd7 5.c3 c5 6.Bd3 Nc6 7.Ne2 cxd4 8.cxd4 f6
9.exf6 Nxf6 10.Nf3 Bd6 11.O-O Qc7 12.Bg5 O-O 13.Bh4 Nh5 14.Bg3 Nxg3 15.
Nxg3 h6 16.Rc1 g5 17.Bb1 Qf7 18.a3 Bd7 19.Qd3 Rae8 20.Nh5 Re7 21.Ng3 Be8 
22.Rce1 Qg7 23.Re2 g4 24.Ne5 Nxe5 25.dxe5 Bxe5 26.Rfe1 Bd4 27.Nf1 a6 28.
Rd2 Bxb2 29.Red1 Bc3 30.Ra2 Bb5 31.Qc2 Bd4 32.Ne3 Ref7 33.Qc1 h5 34.a4 Bc6
35.Qd2 e5 36.Qc1 h4 37.Qa3 g3 38.hxg3 hxg3 39.f3 Qh6 40.Re1 Qh2+ 41.Kf1 
Rxf3+ 0-1

[Event "11th EUR-ch"]
[Site "Rijeka CRO"]
[Date "2010.03.06"]
[Round "1"]
[White "Erdogdu, Mert"]
[Black "Pfeifer, Antun"]
[Result "1-0"]
[WhiteElo "2502"]
[BlackElo "1882"]
[EventDate "2010.03.06"]
[PlyCount "75"]

1.e4 c5 2.Nf3 d6 3.d4 cxd4 4.Nxd4 Nf6 5.Nc3 a6 6.g3 e6 7.Bg2 Nc6 8.O-O Be7
9.Nxc6 bxc6 10.e5 Nd5 11.exd6 Bxd6 12.Nxd5 exd5 13.c4 O-O 14.cxd5 cxd5 15.
Qxd5 Rb8 16.Rd1 Be7 17.Qxd8 Rxd8 18.Rxd8+ Bxd8 19.b3 Bf6 20.Bf4 Bxa1 21.
Bxb8 Bc3 22.Bd6 Be6 23.Kf1 g5 24.Ke2 Kg7 25.Kd3 Be1 26.Bc5 a5 27.Ke2 Bc3 
28.Be3 Kg6 29.Bd2 Bxd2 30.Kxd2 Kf6 31.Kc3 Ke5 32.a3 h5 33.Bc6 f5 34.b4 
axb4+ 35.axb4 f4 36.b5 Kf5 37.b6 Bc8 38.Bd7+ 1-0

[Event "11th EUR-ch"]
[Site "Rijeka CRO"]
[Date "2010.03.06"]
[Round "1"]
[White "Jambresic, Jurica"]
[Black "Podolchenko, Evgeniy"]
[Result "0-1"]
[WhiteElo "1877"]
[BlackElo "2502"]
[EventDate "2010.03.06"]
[PlyCount "42"]

1.e4 e6 2.d4 d5 3.exd5 exd5 4.Nf3 Bg4 5.Be2 Nc6 6.Be3 Bd6 7.Nbd2 Nge7 8.c4
dxc4 9.Nxc4 Bb4+ 10.Kf1 O-O 11.a3 Bd6 12.h3 Be6 13.Ng5 Nf5 14.Nxe6 fxe6 
15.d5 Qh4 16.Ke1 Nxe3 17.Nxe3 Qxf2+ 18.Kd2 Bf4 19.Qb3 Nd4 20.Qd3 Nf5 21.
Rhf1 Qxe3+ 0-1

[Event "11th EUR-ch"]
[Site "Rijeka CRO"]
[Date "2010.03.06"]
[Round "1"]
[White "Winkler, Stefan"]
[Black "Horvath, Adam"]
[Result "0-1"]
[WhiteElo "1855"]
[BlackElo "2501"]
[EventDate "2010.03.06"]
[PlyCount "58"]

1.e4 c5 2.Nf3 e6 3.d4 cxd4 4.Nxd4 Nc6 5.Nc3 Qc7 6.Be3 a6 7.Bd3 Nf6 8.O-O 
h5 9.h3 b5 10.f4 Bc5 11.Nce2 Bb7 12.c3 Rd8 13.Kh1 d6 14.Bg1 Ne7 15.Qc2 e5 
16.Nf3 Bxg1 17.Nexg1 Ng6 18.fxe5 dxe5 19.Ne2 O-O 20.Ng5 Qc5 21.Rae1 Rd7 
22.Rf3 Nh4 23.Rff1 Qe3 24.Nf4 Qg3 25.Nd5 Bxd5 26.exd5 Qxg5 27.Be4 Nxe4 28.
Qxe4 f5 29.Qe2 Rxd5 0-1

[Event "11th EUR-ch"]
[Site "Rijeka CRO"]
[Date "2010.03.06"]
[Round "1"]
[White "Prohaszka, Peter"]
[Black "Dubrovic, Mihovil"]
[Result "1-0"]
[WhiteElo "2501"]
[BlackElo "1849"]
[EventDate "2010.03.06"]
[PlyCount "73"]

1.d4 Nf6 2.c4 e6 3.g3 d5 4.Nf3 Be7 5.Bg2 O-O 6.O-O b6 7.Ne5 Bb7 8.Nc3 Nbd7
9.Bf4 c5 10.cxd5 Nxe5 11.d6 Nf3+ 12.Bxf3 Bxf3 13.dxe7 Qxe7 14.exf3 Rfd8 
15.Bg5 Rxd4 16.Qe2 Rad8 17.Rad1 h6 18.Be3 R4d7 19.Rxd7 Rxd7 20.Rd1 Nd5 21.
Bc1 Qd6 22.Nxd5 exd5 23.Qe8+ Kh7 24.Bf4 Qe6 25.Re1 Qxe8 26.Rxe8 g5 27.Be5 
d4 28.Kf1 Kg6 29.g4 f6 30.Re6 Rf7 31.Ke2 h5 32.Kd3 h4 33.f4 Kg7 34.Rxf6 
Re7 35.Re6+ Kf7 36.Rxe7+ Kxe7 37.fxg5 1-0

[Event "11th EUR-ch"]
[Site "Rijeka CRO"]
[Date "2010.03.06"]
[Round "1"]
[White "Gandolfi, Gianfranco"]
[Black "Stern, Rene"]
[Result "0-1"]
[WhiteElo "1780"]
[BlackElo "2501"]
[EventDate "2010.03.06"]
[PlyCount "66"]

1.e4 e5 2.Nf3 Nc6 3.Bc4 Bc5 4.c3 Nf6 5.d4 exd4 6.cxd4 Bb4+ 7.Nc3 Nxe4 8.
O-O Nxc3 9.bxc3 d5 10.Bb5 Be7 11.Ne5 Bd7 12.Nxd7 Qxd7 13.Qh5 O-O 14.Re1 
Rfe8 15.Bd2 g6 16.Qf3 a6 17.Ba4 Rad8 18.Bf4 b5 19.Bc2 Na5 20.Qg3 Bd6 21.h4
Bxf4 22.Qxf4 Nc4 23.h5 Qc6 24.g4 Rd6 25.Rxe8+ Qxe8 26.Kf1 c6 27.Re1 Re6 
28.Rxe6 Qxe6 29.Qb8+ Kg7 30.h6+ Kxh6 31.Qf8+ Kg5 32.f4+ Kxf4 33.Qh6+ Kg3 
0-1

[Event "11th EUR-ch"]
[Site "Rijeka CRO"]
[Date "2010.03.06"]
[Round "1"]
[White "Benidze, Davit"]
[Black "Lekic, Lazar"]
[Result "1-0"]
[WhiteElo "2499"]
[BlackElo "1739"]
[EventDate "2010.03.06"]
[PlyCount "73"]

1.c4 Nf6 2.Nf3 g6 3.g3 Bg7 4.Bg2 O-O 5.O-O d6 6.d4 c6 7.Nc3 Qb6 8.b3 e5 9.
Bb2 Nbd7 10.e3 Re8 11.Ng5 Qc7 12.Rc1 h6 13.Nf3 Nf8 14.h3 h5 15.e4 exd4 16.
Nxd4 Ne6 17.Nxe6 Bxe6 18.Nd5 Nxd5 19.Bxg7 Kxg7 20.cxd5 Bd7 21.b4 Qb6 22.
Re1 cxd5 23.Qxd5 Be6 24.Qd2 Rac8 25.Kh2 Kh7 26.f4 Rxc1 27.Rxc1 Rc8 28.Re1 
Qa6 29.Re2 Rc4 30.Rf2 Rc7 31.f5 Bc4 32.e5 dxe5 33.Qd8 Rc6 34.Bxc6 Qxc6 35.
Qe7 e4 36.fxg6+ Qxg6 37.Rf6 1-0

[Event "11th EUR-ch"]
[Site "Rijeka CRO"]
[Date "2010.03.06"]
[Round "1"]
[White "Krsnik Cohar, Ivan Vihor"]
[Black "Hovhannisyan, Robert"]
[Result "0-1"]
[WhiteElo "1718"]
[BlackElo "2498"]
[EventDate "2010.03.06"]
[PlyCount "66"]

1.d4 d5 2.Nf3 Nf6 3.Bg5 Ne4 4.Bf4 c5 5.e3 Nc6 6.c3 Qb6 7.Qc1 Bf5 8.Nbd2 
Rc8 9.Be2 e6 10.O-O Be7 11.Nxe4 Bxe4 12.Qd2 O-O 13.Rad1 h6 14.Ne5 Rfd8 15.
h3 a6 16.Bh2 Nxe5 17.Bxe5 cxd4 18.exd4 Bg5 19.Bf4 Bxf4 20.Qxf4 Qxb2 21.Bh5
Rf8 22.Qe5 Qxc3 23.Rc1 Qxc1 24.Rxc1 Rxc1+ 25.Kh2 Rc2 26.Kg3 Rxa2 27.Qc7 b5
28.Qc3 Ra4 29.Bd1 Rc4 30.Qa1 b4 31.f3 Bc2 32.Bxc2 Rxc2 33.Qxa6 Rb8 0-1

[Event "11th EUR-ch"]
[Site "Rijeka CRO"]
[Date "2010.03.06"]
[Round "1"]
[White "Danielsen, Henrik"]
[Black "Mravic, Filip"]
[Result "1-0"]
[WhiteElo "2494"]
[BlackElo "1718"]
[EventDate "2010.03.06"]
[PlyCount "115"]

1.g3 Nf6 2.Bg2 d5 3.Nf3 c6 4.b3 Nbd7 5.Bb2 e6 6.O-O Bd6 7.d3 O-O 8.Nbd2 e5
9.e4 Re8 10.a3 b6 11.b4 Bb7 12.c3 a5 13.Re1 a4 14.c4 dxe4 15.Nxe4 Nxe4 16.
dxe4 Nf8 17.Nh4 g6 18.Nf3 f6 19.h4 Ne6 20.h5 Bc7 21.Qe2 Qe7 22.Nh4 Nf8 23.
Rad1 Red8 24.Bh3 Rxd1 25.Rxd1 Rd8 26.hxg6 hxg6 27.Re1 Qd6 28.c5 Qd2 29.
Qc4+ Kg7 30.Re2 Qd3 31.Qxd3 Rxd3 32.cxb6 Bxb6 33.Kh2 Kf7 34.Rc2 Bd4 35.Bf1
Rd1 36.Be2 Rb1 37.Bxd4 exd4 38.Nf3 Ne6 39.Bc4 Rd1 40.Rd2 Rxd2 41.Nxd2 Ke7 
42.Kg1 Nc7 43.f4 Nb5 44.Bxb5 cxb5 45.Kf2 f5 46.Nf3 Bxe4 47.Nxd4 Bd3 48.Ke3
Bf1 49.Nf3 Kf6 50.Kd4 Be2 51.Ng5 Bc4 52.Kc5 Be2 53.Kc6 Bd3 54.Kd6 Bc4 55.
Nf3 Bd3 56.Kc5 Ke6 57.Nd4+ Kd7 58.Nxb5 1-0

[Event "11th EUR-ch"]
[Site "Rijeka CRO"]
[Date "2010.03.06"]
[Round "1"]
[White "Russo, Carmelo"]
[Black "Fercec, Nenad"]
[Result "0-1"]
[WhiteElo "1714"]
[BlackElo "2492"]
[EventDate "2010.03.06"]
[PlyCount "74"]

1.d4 d5 2.c4 Nc6 3.Nf3 Bg4 4.cxd5 Bxf3 5.exf3 Qxd5 6.Be3 e5 7.Nc3 Bb4 8.
dxe5 Qxe5 9.Rc1 Nf6 10.a3 Bc5 11.Qe2 O-O-O 12.f4 Qe7 13.g3 Rhe8 14.Bh3+ 
Kb8 15.O-O Bxe3 16.fxe3 Qxe3+ 17.Qxe3 Rxe3 18.Rfe1 Rxe1+ 19.Rxe1 Rd2 20.b4
Nd4 21.Bg2 c6 22.h3 Rd3 23.Ne4 Nxe4 24.Rxe4 Nf5 25.Re8+ Kc7 26.a4 Nd6 27.
Re7+ Kd8 28.Re2 Rxg3 29.Rd2 Ke7 30.Rc2 Nf5 31.Kf2 Ne3 32.Rxc6 bxc6 33.Kxg3
Nxg2 34.Kxg2 Kd6 35.Kf3 Kd5 36.b5 cxb5 37.axb5 Kc5 0-1

[Event "11th EUR-ch"]
[Site "Rijeka CRO"]
[Date "2010.03.06"]
[Round "1"]
[White "Goganov, Alexei"]
[Black "Mateta, Marin"]
[Result "1-0"]
[WhiteElo "2492"]
[BlackElo "1687"]
[EventDate "2010.03.06"]
[PlyCount "85"]

1.d4 g6 2.c4 Bg7 3.e4 d6 4.Nc3 Nc6 5.Be3 Bd7 6.Qd2 a6 7.Nf3 Bg4 8.Be2 e5 
9.d5 Bxf3 10.dxc6 Bxe2 11.cxb7 Bxc4 12.bxa8=Q Qxa8 13.b3 Bb5 14.Nd5 Qb7 
15.Rc1 c5 16.Nc3 Qd7 17.Rd1 Bf8 18.Nxb5 Qxb5 19.f3 Nf6 20.Qe2 Qxe2+ 21.
Kxe2 h5 22.Rd3 h4 23.Rc1 Nh5 24.Rc4 Nf4+ 25.Bxf4 exf4 26.h3 Rh5 27.Rd5 Rh7
28.Ra4 f6 29.Rxa6 Rd7 30.Ra8+ Kf7 31.a4 Rb7 32.Rd3 Be7 33.a5 Ke6 34.a6 Rb6
35.a7 Ra6 36.Rc3 d5 37.exd5+ Kxd5 38.Rc4 Ra2+ 39.Kd3 Ra3 40.Kc3 f5 41.Ra4 
Bf6+ 42.Kc2 Rxa4 43.bxa4 1-0